000 00744nam a2200289Ia 4500
005 20260324143010.0
008 008 260324s9999 xx 000 0 eng d
020 _a9781315667195
037 _aEBOOK
040 _aCRL
040 _beng
040 _cCRL
041 _2eng
041 _aeng
084 _qCRL
100 _aJoel Darmstadter; Michael A. Toman
_91214023
245 0 _aAssessing Surprises and Nonlinearities in Greenhouse Warming
245 0 _bProceedings of an Interdisciplinary Workshop
260 _bTaylor and Francis
260 _c1993
365 _a
365 _b180
856 _uhttp://www.taylorfrancis.com/books/9781315667195
942 _cEBOOK
999 _c1818873
_d1818873